000 00250nam a2200097Ia 4500
001 1250282
005 20251031150853.0
008 251031s9999 xx 000 0 und d
245 0 _cBÜLENT GARDİYANOĞLU
_aA-5 DÖRT SINAV
260 _bDESTEK YAYINLARI
999 _c1250282
_d1250282